[Event "Lucija op 3rd"]
[Site "Lucija"]
[Date "2011.08.15"]
[Round "4"]
[White "Janzelj, Lara"]
[Black "Feld, Slavko"]
[Result "1-0"]
[WhiteElo "1619"]
[BlackElo "1500"]
[PlyCount "89"]
[EventDate "2011.08.14"]
[EventType "swiss"]
[EventRounds "9"]
[EventCountry "SLO"]
[SourceTitle "EXT 2012"]
[Source "ChessBase"]
[SourceDate "2011.11.24"]
[SourceVersion "1"]
[SourceVersionDate "2011.11.24"]
[SourceQuality "1"]

1. d4 d5 2. Nf3 Nc6 3. Bf4 h6 4. e3 a6 5. c4 Nf6 6. Nc3 e6 7. a3 Bd6 8. Bg3 Bxg3 9. hxg3 0-0 10. Qc2 Nh7 11. Bd3 f5 12. cxd5 exd5 13. Nh4 Ne7 14. g4 Nf6 15. gxf5 Nc6 16. Ne2 Re8 17. Ng3 Ne7 18. Qe2 b6 19. Nh5 Qd6 20. Rc1 c5 21. dxc5 bxc5 22. Nxf6+ Qxf6 23. Rxc5 a5 24. Qh5 Bd7 25. Qe2 Rec8 26. Rc2 Rxc2 27. Qxc2 Rc8 28. Qb1 a4 29. Rh3 Rb8 30. Ng6 Nc6 31. Qa2 Rb3 32. e4 Qg5 33. Be2 Qc1+ 34. Bd1 Nd4 35. Rc3 Qxb2 36. Rxb3 Qc1 37. Rb8+ Bc8 38. Rxc8+ Qxc8 39. Ne7+ Kh7 40. Nxc8 dxe4 41. Ne7 h5 42. Qg8+ Kh6 43. Qh8+ Kg5 44. Qxg7+ Kh4 45. Qg3# 1-0